History of the Corps of Royal Engineers. (Record no. 553002)

000 -LEADER
fixed length control field 00860cam a22002057a 4500
020 ## - INTERNATIONAL STANDARD BOOK NUMBER
International Standard Book Number 0903530104 (v. 1)
082 ## - DEWEY DECIMAL CLASSIFICATION NUMBER
Classification number 358.209
Author Mark WAT
-- D.
245 00 - TITLE STATEMENT
Title History of the Corps of Royal Engineers.
260 ## - PUBLICATION, DISTRIBUTION, ETC.
Place of publication, distribution, etc. Chatham [Eng.] The Institution of Royal Engineers,
Date of publication, distribution, etc. 1951-
300 ## - PHYSICAL DESCRIPTION
Extent 553 p. :
Other physical details ill., maps ;
Dimensions 23 cm.
500 ## - GENERAL NOTE
General note Includes indexes.
500 ## - GENERAL NOTE
General note Vols. 1-2 by Whitworth Porter, v. 3 by Sir Charles M. Watson, v. 4 by W. Baker Brown, v. 5-7 by a team of officers, v. 8-9 by R. Pakenham-Walsh, v. 10 by I.T.C. Wilson ... et al.. v. 11. Colonel H.W.B. Mackintosh, editor.
500 ## - GENERAL NOTE
General note Vols. 1-3 originally published : 1889-1915.
526 ## - STUDY PROGRAM INFORMATION NOTE
Program name 0
Interest level 0
Reading level 0
Title point value 358_209000000000000_WAT
650 ## - SUBJECT ADDED ENTRY--TOPICAL TERM
Topical term or geographic name entry element MCE
9 (RLIN) 379
700 1# - ADDED ENTRY--PERSONAL NAME
Personal name Brown, W. Baker.
9 (RLIN) 50274
700 1# - ADDED ENTRY--PERSONAL NAME
Personal name Porter, Whitworth,
9 (RLIN) 49808
700 1# - ADDED ENTRY--PERSONAL NAME
Personal name Watson, Charles Moore,
9 (RLIN) 49810
942 ## - ADDED ENTRY ELEMENTS (KOHA)
Source of classification or shelving scheme
Koha item type Book
Holdings
Withdrawn status Lost status Source of classification or shelving scheme Damaged status Not for loan Permanent Location Current Location Shelving location Date acquired Total Checkouts Full call number Barcode Date last seen Price effective from Koha item type
          Military College of Engineering (MCE) Military College of Engineering (MCE)   01/28/2015   358.209 WAT MCE-ECH/32 01/28/2015 01/28/2015 Book
© 2023 Central Library, National University of Sciences and Technology. All Rights Reserved.